000 00550nam a2200169 a 4500
001 000044110
005 20201002045143.0
008 140516s1994 sp 000 0 spa d
020 _a842060660X
040 _aDO-SdBNP
_bspa
_cBNPHU
082 _axxxx
_bxxxx
245 0 1 _aDiccionario de la lengua /
_cDepartamento de Lexicografía de Anaya Educación.
260 _aMadrid :
_bAlianza Editorial,
_c1994.
300 _a1198 p. ;
_c18 cm.
490 1 _aEl libro de bolsillo
_aliteratura
_v1660
830 0 _aEl libro de bolsillo
_pliteratura ;
_n1660
_972107
999 _c43599
_d43599